Pre slovenské školy je stále charakteristická prefeminizovanosť

Pracovníci pôsobiaci na základných a stredných školách - učitelia, vychovávatelia, majstri odborného výcviku, tréneri a iní pedagogickí pracovníci. Najviac z nich je učiteľov. Na základných školách stretávame prevažne učiteľky. Kvalifikovanosť učiteľov neklesá, odbornosť je však problémovejšia. Star...

Descrizione completa

Salvato in:
Dettagli Bibliografici
Autore principale: Reiselová, Eva
Natura: Capitolo di libro
Lingua:slovacco
Soggetti:
Tags: Aggiungi Tag
Nessun Tag, puoi essere il primo ad aggiungerne!!

MARC

LEADER 00000naa a2200000 4500
001 r044886
005 20230921113120.5
041 0 |a slo 
044 |a SK 
245 1 0 |a Pre slovenské školy je stále charakteristická prefeminizovanosť  |c Eva Reiselová 
520 |a Pracovníci pôsobiaci na základných a stredných školách - učitelia, vychovávatelia, majstri odborného výcviku, tréneri a iní pedagogickí pracovníci. Najviac z nich je učiteľov. Na základných školách stretávame prevažne učiteľky. Kvalifikovanosť učiteľov neklesá, odbornosť je však problémovejšia. Starnutie pedagogických kolektívov, mladí učitelia hľadajú lukratívnejšie miesta. 
610 2 0 |a školy základné 
610 2 0 |a školy stredné 
610 2 0 |a učitelia 
610 2 0 |a ženy 
610 2 0 |a muži 
610 2 0 |a kvalifikácia 
610 2 0 |a odbornosť 
610 2 0 |a Slovensko 
100 1 |a Reiselová, Eva